| 000 | 00676nam a2200217Ia 4500 | ||
|---|---|---|---|
| 005 | 20241129104303.0 | ||
| 008 | 241129s9999||||xx |||||||||||||| ||und|| | ||
| 020 | _a9789391385026 | ||
| 037 | _aTextual | ||
| 040 |
_aRTL _beng _cRTL |
||
| 041 |
_aeng _2eng |
||
| 084 |
_aY5.2 R1 _qRTL |
||
| 100 |
_aRana Minakshi; Singh Geetanjali; Kohli Manika _9725618 |
||
| 245 | 0 |
_aInequality in India: Emerging trends and perspectives _cRana Minakshi; Singh Geetanjali; Kohli Manika |
|
| 260 |
_aNew Delhi _bCorvette Press _c2021 |
||
| 300 | _axx,241p. | ||
| 365 |
_aINR _bRs.995.00 |
||
| 650 |
_aInequality _9550392 |
||
| 942 |
_cTB _hY5.2 R1 |
||
| 999 |
_c1225234 _d1225234 |
||